| 000 | 01231nam0a2200313 4500 | ||
|---|---|---|---|
| 001 | RU\NLR\bibl\1254454 | ||
| 005 | 20250615125043.0 | ||
| 010 |
_a978-5-98390-039-4 _92000 |
||
| 021 |
_aRU _b2008-40662 _92244 |
||
| 035 | _a(NLR Aleph) 001240508 | ||
| 090 |
_a255811 _c255811 |
||
| 100 | _a20080721d2007 |||y0rusy50 ca | ||
| 101 | 0 | _arus | |
| 102 | _aRU | ||
| 105 | _aa ||||||||| | ||
| 200 | 1 |
_aЕврейские памятники Восточного Кавказа _fГеннадий Сосунов _gпредисл. Ю.И. Мурзаханова и И.Г. Семенова _gст. И.Г. Семенова |
|
| 210 |
_aМахачкала _cЭпоха _d2007 |
||
| 215 |
_a215 с. _cил., цв. ил. _d22 |
||
| 320 | _aБиблиогр. в подстроч. прим. | ||
| 606 | 1 |
_aГробницы и надгробные памятники еврейские _yКавказ Восточный _92532103 _3RU\NLR\auth\661499759 |
|
| 686 | _aЩ133(24=Е)-461.6 | ||
| 700 | 1 |
_aСосунов _bГ. С. _gГеннадий Семенович _4070 |
|
| 801 | 0 |
_aRU _bNLR _c20080721 _gRCR |
|
| 801 | 1 |
_aRU _bNLR _c20080721 |
|
| 830 | _aАвт. по кн. | ||
| 942 | _cBOOK | ||
| 980 | _aNB | ||
| 980 | _aNBR | ||